[Event "G5-Gruppe 2 2013"]
[Site "Elsinore"]
[Date "2013.04.01"]
[Round "5"]
[White "Madsen, Per"]
[Black "Olsen, Karsten K"]
[Result "1/2-1/2"]
[WhiteElo "1703"]
[BlackElo "1616"]
[PlyCount "152"]
[EventDate "2013.??.??"]
[EventType "swiss"]
[EventRounds "5"]
[EventCountry "DEN"]

1. c4 d5 2. cxd5 Qxd5 3. Nc3 Qa5 4. g3 e5 5. Bg2 c6 6. Qb3 Nd7 7. Nf3 Nc5 8.
Qc2 Ne6 9. O-O Nd4 10. Qe4 Nxf3+ 11. Bxf3 Nf6 12. Qc2 Be7 13. d3 O-O 14. Bd2
Qd8 15. Rfd1 Bg4 16. Bg2 Nd5 17. a3 Nxc3 18. Bxc3 Qc7 19. h3 Be6 20. d4 exd4
21. Bxd4 Rfd8 22. Qc3 f6 23. Rac1 c5 24. Qe3 Qb6 25. Bc3 Kf7 26. Qf3 Qb3 27.
Rxd8 Rxd8 28. Qxb7 Rd1+ 29. Rxd1 Qxd1+ 30. Kh2 Qxe2 31. Qf3 Qxf3 32. Bxf3 Bb3
33. Be4 g6 34. f4 Bd6 35. Kg2 f5 36. Bb7 Ke6 37. Kf2 Bd5 38. Bc8+ Ke7 39. Ke3
Bg2 40. h4 Bd5 41. Be5 a5 42. Kd3 Bb3 43. Bc3 Kd8 44. Ba6 a4 45. Be5 Ke7 46.
Bc3 Be6 47. Bc4 Bd7 48. Bg8 h5 49. Bd5 Bb5+ 50. Ke3 Bc7 51. Be5 Bb6 52. Bc3 Bc7
53. Kd2 Bb6 54. Ke3 Bc7 55. Be5 Bb6 56. Kf3 Ba5 57. Bc3 Bxc3 58. bxc3 Kf6 59.
Ke3 Ke7 60. Ba2 Kf6 61. Bb1 Bc4 62. Bd3 Bb3 63. Bb5 Ke7 64. Kd3 Kf6 65. Bc4 Bd1
66. Ba2 Bb3 67. Bxb3 axb3 68. c4 Ke6 69. Kc3 b2 70. Kxb2 Kd6 71. a4 Kc6 72. a5
Kb7 73. Kb3 Ka7 74. Ka3 Kb7 75. Kb3 Ka7 76. Ka3 Kb7 1/2-1/2

[Event "G5-Gruppe 2 2013"]
[Site "Elsinore"]
[Date "2013.04.01"]
[Round "5"]
[White "Lind Mortensen, Orla"]
[Black "Maechel, Michael"]
[Result "0-1"]
[WhiteElo "1784"]
[BlackElo "1733"]
[PlyCount "52"]
[EventDate "2013.??.??"]
[EventType "swiss"]
[EventRounds "5"]
[EventCountry "DEN"]

1. e4 e5 2. f4 exf4 3. Bc4 d5 4. Bxd5 Qh4+ 5. Kf1 Bg4 6. Nf3 c6 7. Bb3 Nf6 8.
Nc3 Bb4 9. d3 Bxc3 10. bxc3 Qh6 11. Ba3 Nbd7 12. Qd2 Bxf3 13. gxf3 Ne5 14. Ke2
O-O-O 15. Bc5 Nxf3 16. Kxf3 Qh3+ 17. Ke2 Qg2+ 18. Bf2 f3+ 19. Kd1 Nxe4 20. Qe1
Nxf2+ 21. Kc1 Qxh1 22. Qxh1 Nxh1 23. Kb2 Nf2 24. Bxf7 Rhf8 25. Be6+ Kc7 26. Rf1
Rde8 0-1

[Event "G5-Gruppe 2 2013"]
[Site "Elsinore"]
[Date "2013.04.01"]
[Round "5"]
[White "Jensen, Jan Kargaard"]
[Black "Pedersen, Carl Aage"]
[Result "1/2-1/2"]
[WhiteElo "1808"]
[BlackElo "1729"]
[PlyCount "99"]
[EventDate "2013.??.??"]
[EventType "swiss"]
[EventRounds "5"]
[EventCountry "DEN"]

1. d4 d5 2. c4 e6 3. Nf3 Nf6 4. Nc3 c6 5. Bf4 Bd6 6. Bg3 Bxg3 7. hxg3 Nbd7 8.
e3 dxc4 9. Bxc4 Qa5 10. Qc2 Nb6 11. Be2 Nbd5 12. O-O Nxc3 13. bxc3 O-O 14. c4
Qc7 15. Rac1 Qe7 16. e4 g6 17. Rfd1 Re8 18. e5 Nd7 19. Qd2 Kg7 20. Ng5 f5 21.
f4 h6 22. Nf3 Nb6 23. Bd3 Rd8 24. Qb2 Nd7 25. c5 Rb8 26. Qc3 b5 27. cxb6 Rxb6
28. Rb1 c5 29. Rxb6 axb6 30. Bc4 Bb7 31. d5 exd5 32. Bxd5 Bxd5 33. Rxd5 Nf8 34.
Qd2 Rxd5 35. Qxd5 Qe6 36. Qxe6 Nxe6 37. Kf2 g5 38. Ke3 Kf7 39. a4 Ke7 40. Nd2
Nc7 41. Nc4 b5 42. axb5 Nxb5 43. Kd3 Ke6 44. Ne3 Nd4 45. Nc2 Nc6 46. Kc4 gxf4
47. gxf4 Nxe5+ 48. fxe5 Kxe5 49. Kxc5 Kf4 50. Kd4 1/2-1/2

[Event "G5-Gruppe 2 2013"]
[Site "Elsinore"]
[Date "2013.04.01"]
[Round "5"]
[White "Raahauge, Hans"]
[Black "Hansen, Aksel"]
[Result "0-1"]
[WhiteElo "1716"]
[BlackElo "1782"]
[PlyCount "56"]
[EventDate "2013.??.??"]
[EventType "swiss"]
[EventRounds "5"]
[EventCountry "DEN"]

1. e4 c5 2. d4 cxd4 3. c3 dxc3 4. Nxc3 g6 5. Nf3 Bg7 6. Bc4 Nc6 7. O-O a6 8.
Qe2 d6 9. h3 Nf6 10. Rd1 Nd7 11. Bf4 Qa5 12. Rac1 O-O 13. Nd5 Nde5 14. Nxe5
dxe5 15. Bd2 Qc5 16. b4 Qa7 17. Bg5 e6 18. Ne7+ Nxe7 19. Bxe7 Re8 20. Rd8 Rxd8
21. Bxd8 Bd7 22. Be7 Rc8 23. Rd1 Ba4 24. Rd8+ Rxd8 25. Bxd8 b5 26. Bb3 Bxb3 27.
axb3 Qd4 28. Qc2 Qxd8 0-1

[Event "G5-Gruppe 2 2013"]
[Site "Elsinore"]
[Date "2013.04.01"]
[Round "5"]
[White "Brandt, Klaus"]
[Black "Jensen, Leif Norholm"]
[Result "1/2-1/2"]
[WhiteElo "1795"]
[BlackElo "1724"]
[PlyCount "59"]
[EventDate "2013.??.??"]
[EventType "swiss"]
[EventRounds "5"]
[EventCountry "DEN"]

1. d4 d5 2. c4 e6 3. Nc3 Nf6 4. Bg5 Nbd7 5. e3 c6 6. Nf3 Qa5 7. Nd2 Bb4 8. Qc2
O-O 9. Bf4 Qd8 10. a3 Ba5 11. b4 Bc7 12. Bg5 Bd6 13. Bd3 Be7 14. Bf4 dxc4 15.
Nxc4 Nb6 16. Nd2 h6 17. O-O Bd6 18. Bxd6 Qxd6 19. Nf3 Nbd7 20. Rfd1 Qe7 21. Ne4
e5 22. dxe5 Nxe5 23. Nxe5 Qxe5 24. Nxf6+ Qxf6 25. Be4 Be6 26. Rac1 Rfd8 27.
Rxd8+ Rxd8 28. Rd1 Qe7 29. Rxd8+ Qxd8 30. h3 1/2-1/2

[Event "G5-Gruppe 2 2013"]
[Site "Elsinore"]
[Date "2013.04.01"]
[Round "5"]
[White "Reiths, Henning"]
[Black "Pontoppidan, Erik"]
[Result "1/2-1/2"]
[WhiteElo "1862"]
[BlackElo "1733"]
[PlyCount "86"]
[EventDate "2013.??.??"]
[EventType "swiss"]
[EventRounds "5"]
[EventCountry "DEN"]

1. d4 Nf6 2. Bg5 d5 3. e3 h6 4. Bxf6 gxf6 5. c4 c6 6. Nc3 Bg7 7. cxd5 cxd5 8.
Qb3 e6 9. Nf3 O-O 10. Bd3 Nc6 11. a3 Na5 12. Qa2 Bd7 13. b4 Nc6 14. O-O Rc8 15.
Rac1 Ne7 16. Rfd1 Qb6 17. Nd2 Qd6 18. Nb3 b6 19. Ba6 Rc7 20. Qe2 f5 21. Nb5
Bxb5 22. Qxb5 Nc6 23. Bb7 Nxd4 24. exd4 Rxb7 25. Rc6 Qd7 26. Rdc1 Rc7 27. Qa4
Rxc6 28. Qxc6 Rd8 29. Kf1 Qxc6 30. Rxc6 Rd7 31. f4 Bf6 32. Ke2 Bd8 33. Rc8 Kg7
34. Ke3 Bc7 35. Nc1 Bd6 36. Nd3 Rc7 37. Rxc7 Bxc7 38. h3 f6 39. g3 Kf7 40. b5
Bd6 41. a4 Bf8 42. Kf3 Bd6 43. Ke3 Ke7 1/2-1/2